[Event "Corus"]
[Site "Wijk aan Zee 67"]
[Date "2005.01.23"]
[Round "8"]
[White "Bruzon, Lazaro"]
[Black "Topalov, Veselin"]
[Result "0-1"]
[WhiteElo "2652"]
[BlackElo "2757"]
[Annotator "JvR"]
[PlyCount "66"]
[EventDate "2005.??.??"]
[EventCountry "NED"]

1. e4 c5 2. Nf3 e6 3. d3 Nc6 4. g3 g6 5. Bg2 Bg7 6. c3 Nge7 7. O-O O-O 8. Re1
e5 9. Na3 d6 10. Be3 b6 11. Qd2 Bg4 12. h3 Bxf3 13. Bxf3 Qd7 14. Bg2 f5 15.
exf5 gxf5 16. f4 Rad8 17. Re2 Qe6 18. Qc2 Qg6 19. Kh2 Kh8 $5 ({Or} 19... d5 $1
20. fxe5 Bxe5 21. Bf4) 20. Qa4 $6 ({Better is} 20. fxe5 Bxe5 21. Bf4) 20... d5
21. fxe5 Bxe5 22. Bf4 Qf6 23. Bxe5 Nxe5 24. d4 N5g6 $1 25. dxc5 $2 ({
Preferable is} 25. Rf1 $1 f4 $1 26. g4 $1 Nh4 {(square e5 cannot be used)} 27.
Bf3 Nc6 $1) 25... bxc5 26. Rf1 f4 27. gxf4 Nf5 28. Qxa7 Qh4 29. Qxc5 (29. Rf3
$1 Nxf4 $1 30. Ref2 Nd3 $1 31. Re2 Ne1 $1 {brings a decisive attack.}) 29...
Nxf4 30. Rd2 Nxh3 $1 {Topalov gains the public prize.} 31. Qc7 Rd6 32. Nc2 Qg3+
33. Kh1 Rh6 0-1

[Event "Corus"]
[Site "Wijk aan Zee 67"]
[Date "2005.01.25"]
[Round "9"]
[White "Leko, Peter"]
[Black "Short, Nigel"]
[Result "1-0"]
[WhiteElo "2749"]
[BlackElo "2674"]
[Annotator "JvR"]
[PlyCount "73"]
[EventDate "2005.??.??"]
[EventCountry "NED"]

1. e4 e5 2. Nf3 Nc6 3. Bb5 a6 4. Ba4 Nf6 5. O-O Be7 6. Re1 b5 7. Bb3 d6 8. c3
O-O 9. h3 Nb8 10. d4 Nbd7 11. Nbd2 Bb7 12. Bc2 Re8 13. Nf1 Bf8 14. Ng3 g6 15.
b3 Bg7 16. d5 Qe7 17. c4 c6 18. Be3 Rec8 19. Rc1 a5 20. Qd2 bxc4 $6 {Short
plays a new move.} ({The known} 20... Nc5 {might be better.}) 21. bxc4 cxd5 22.
cxd5 Nc5 23. Bd3 $1 {White attacks on the queenside.} h5 $6 ({He could
simplify by} 23... Nxd3 $5 24. Rxc8+ $1 Bxc8 25. Qxd3 Ba6 26. Qa3 {(Lékó)} Bb5
{and defend stubbornly.}) ({Another option gives} 23... Nfd7) 24. Bxc5 dxc5 $2
({The extra exchange} 24... Rxc5 25. Rxc5 dxc5 26. Qg5 Qc7 $1 {facilitates the
defence.}) 25. Qg5 $1 {White prevents the manoeuvre .. Ne8-d6.} Rc7 26. Nf1
Rac8 $6 ({A lesser evil brings} 26... Kf8 $1 27. N1d2 Ne8 28. Qe3 Kg8) 27. N1d2
Ne8 28. Qxe7 Rxe7 29. Nc4 $1 Ba6 30. Nfxe5 Bxe5 31. Nxe5 c4 32. Bxc4 Rxe5 33.
Bxa6 Rxc1 34. Rxc1 Rxe4 35. f3 $1 Re5 36. Rc5 h4 37. d6 $1 {Lékó ends the game
in a grand style.} 1-0

[Event "Corus"]
[Site "Wijk aan Zee 67"]
[Date "2005.01.26"]
[Round "10"]
[White "Grischuk, Alexander"]
[Black "Ponomariov, Ruslan"]
[Result "1-0"]
[WhiteElo "2710"]
[BlackElo "2700"]
[Annotator "JvR"]
[PlyCount "61"]
[EventDate "2005.??.??"]
[EventCountry "NED"]

1. e4 c5 2. Nf3 d6 3. d4 cxd4 4. Nxd4 Nf6 5. Nc3 a6 6. Be3 Ng4 7. Bc1 Nf6 8. f3
Qb6 9. g4 Nc6 10. Nb3 e6 11. Qe2 Qc7 12. Be3 b5 13. O-O-O Nd7 14. Qf2 Be7 15.
g5 Nce5 16. a3 Rb8 17. Rg1 Nb6 $6 {This new move loses momentum on the
queenside.} ({Known is} 17... b4 $5 18. axb4 Rxb4 {(L'Ami - Acs, Amsterdam
2004).}) 18. f4 Nec4 19. Bxc4 Nxc4 20. Bd4 O-O $2 (20... Bf8 $1 {is necessary
for the defence of the kingside.}) 21. Bf6 $3 {Suddenly Black cannot protect
the h-file.} Bb7 ({Drastic lines are} 21... Re8 22. Qh4 $1 {(a white rook will
reach h3),}) ({and} 21... b4 22. axb4 Rxb4 23. Rd3 $1 Bd8 24. Rh3 e5 25. Qh4
Bxh3 26. Qh6 $1 {mates.}) 22. Rd3 $1 Rfc8 23. Rh3 Kf8 24. Rxh7 Ke8 25. Bxg7 Kd7
26. g6 $1 a5 27. gxf7 Bf8 28. Bxf8 Rxf8 29. Rd1 Bc8 30. f5 e5 31. Nd5 {
Ponomariov was crushed after one error.} 1-0

[Event "Corus"]
[Site "Wijk aan Zee 67"]
[Date "2005.01.28"]
[Round "11"]
[White "Leko, Peter"]
[Black "Bruzon, Lazaro"]
[Result "1-0"]
[WhiteElo "2749"]
[BlackElo "2652"]
[Annotator "JvR"]
[PlyCount "49"]
[EventDate "2005.??.??"]
[EventCountry "NED"]

1. e4 e5 2. Nf3 Nc6 3. Bb5 a6 4. Ba4 Nf6 5. O-O Be7 6. Re1 b5 7. Bb3 d6 8. c3
O-O 9. h3 Na5 10. Bc2 c5 11. d4 Qc7 12. Nbd2 cxd4 13. cxd4 Bd7 14. Nf1 Rac8 15.
Re2 Nc6 16. a3 exd4 17. Nxd4 Rfe8 18. Ng3 d5 19. Nxc6 Bxc6 20. e5 Ne4 21. Bf4
$1 {Exchanges on e4 draw.} g5 $6 ({Right is} 21... Red8 $1 22. Nxe4 dxe4 23.
Qb1 Qd7 $1 {and Black has enough counter- play.}) 22. Nf5 $1 gxf4 $2 (22... Qd7
23. Nxe7+ Qxe7 24. Bh2 {gives White a positional advantage (Lékó).}) 23. Rxe4
$1 Kh8 {Capture is punished by mate.} ({No relief brings} 23... Bf8 {due to}
24. Rxf4 Rxe5 25. Rh4 $1) 24. Re1 Bd7 $2 25. e6 $1 {Lékó had scored his fourth
victory.} 1-0

[Event "Corus"]
[Site "Wijk aan Zee 67"]
[Date "2005.01.29"]
[Round "12"]
[White "Polgar, Judit"]
[Black "Sokolov, Ivan"]
[Result "1-0"]
[WhiteElo "2728"]
[BlackElo "2685"]
[Annotator "JvR"]
[PlyCount "79"]
[EventDate "2005.??.??"]
[EventCountry "NED"]

1. e4 e5 2. Nf3 Nc6 3. Bb5 a6 4. Ba4 Nf6 5. O-O Be7 6. Re1 b5 7. Bb3 d6 8. c3
O-O 9. h3 Nb8 10. d4 Nbd7 11. Nbd2 Bb7 12. Bc2 c5 13. d5 g6 14. Nf1 a5 $5 ({
Theory is} 14... Nh5) 15. a4 b4 16. Bd3 Qc7 17. Ne3 bxc3 18. bxc3 c4 $1 19. Bc2
({Or} 19. Nxc4 Ba6 20. Nb2 Qxc3 {(Polgár).}) 19... Ba6 20. Nd2 Rfc8 21. Ba3 Bf8
22. Qf3 Bg7 23. g3 Rab8 24. Kg2 Nb6 25. g4 $1 {The players attack on different
sides.} Nfd7 26. h4 Nc5 27. Bxc5 $1 {White has to prevent .. Nd3.} Qxc5 28. h5
$5 Nd7 $6 ({Better is} 28... Bh6 {(Polgár)} 29. Qf6 Nd7 30. Qe7 Rb7) 29. Rh1
Nf8 30. g5 $1 {White has strongly increased the pressure.} Rb2 $2 ({Right is} 
30... Qc7 {(Polgár)} 31. Ng4 Qd8 $1) 31. Ng4 $1 gxh5 ({Alternatives are} 31...
Rxc2 32. h6 f5 33. gxf6 Bh8 $2 34. f7#) ({and} 31... Nd7 $1 {(Polgár)} 32. Rac1
$1 Qc7 33. hxg6 fxg6 34. Rxh7 $1 Qd8 35. Rh8+ $1 Kxh8 36. Qf7 Qxg5 37. Rh1+ {
White has a winning attack.}) 32. Nf6+ Bxf6 33. gxf6 Ng6 ({Or} 33... Rxc2 34.
Qxh5 Rxd2 35. Qg5+ Ng6 36. Qxd2) 34. Kf1 $1 h4 35. Qh5 Kh8 36. Nf3 Rxc2 37. Rh2
$1 Rxf2+ (37... Nf4 38. Qxh4 h5 39. Qg5 Rxf2+ 40. Rxf2 Qxf2+ 41. Kxf2 Nh3+ 42.
Ke3 Nxg5 43. Nxg5 {also wins for White.}) 38. Rxf2 Nf4 39. Qxh4 Rg8 40. Rh2 {
Judit gave birth to a son in 2004. Her comeback was impressive.} 1-0

[Event "Corus"]
[Site "Wijk aan Zee 67"]
[Date "2005.01.30"]
[Round "13"]
[White "Van Wely, Loek"]
[Black "Short, Nigel"]
[Result "1-0"]
[WhiteElo "2679"]
[BlackElo "2674"]
[Annotator "JvR"]
[PlyCount "61"]
[EventDate "2005.??.??"]
[EventCountry "NED"]

1. d4 Nf6 2. c4 e6 3. Nc3 d5 4. cxd5 exd5 5. Bg5 c6 6. e3 Bf5 7. Qf3 Bg6 8.
Bxf6 Qxf6 9. Qxf6 gxf6 10. Nf3 Nd7 11. Nh4 Be7 12. g3 Nb6 13. f3 a5 14. Kf2 a4
15. Rc1 $5 {White diverts from Gustafsson - Sokolov, Amsterdam 2001.} Nc8 $6
16. Be2 $6 (16. e4 $1 dxe4 17. fxe4 {takes advantage of the slip.}) 16... Nd6
17. Rhd1 O-O 18. Bd3 Rfe8 $2 ({Right is} 18... Bxd3 $1 19. Rxd3 f5 {(Van Wely
and Chuchelov).}) 19. g4 $1 Bf8 20. Ne2 Bh6 $5 21. f4 Bxd3 22. Rxd3 Bf8 23. Ng3
Ra5 24. Rc2 Rb5 25. Nhf5 Nc4 $6 (25... Nxf5 26. Nxf5 Re6 {brings a better
defendable position.}) 26. b3 $1 axb3 $6 27. Rxb3 Rxb3 28. axb3 Na5 29. Nh5 Re6
30. Ra2 $1 b6 31. Ra4 $1 {White threatens b4, Ra8 and Nh6+. Black has no
defence.   Lékó drew with Polgár in the last round. Anand could not break the
resistance by Sokolov. So Lékó won before Anand and Topalov.} 1-0

[Event "Corus"]
[Site "Wijk aan Zee 68"]
[Date "2006.01.14"]
[Round "1"]
[White "Karjakin, Sergey"]
[Black "Anand, Viswanathan"]
[Result "0-1"]
[WhiteElo "2660"]
[BlackElo "2792"]
[Annotator "JvR"]
[PlyCount "74"]
[EventDate "2006.??.??"]
[EventCountry "NED"]

{Corus 2006 was played from 14 until 29 i. Anand and Topalov competed for the
first prize. Kramnik could not partake due to arthritis.} 1. e4 c5 2. Nf3 d6 3.
d4 cxd4 4. Nxd4 Nf6 5. Nc3 a6 6. Be3 e5 7. Nb3 Be6 8. f3 Be7 9. Qd2 O-O 10.
O-O-O Nbd7 11. g4 b5 12. g5 b4 13. Ne2 Ne8 14. f4 a5 15. f5 a4 16. Nbd4 exd4
17. Nxd4 b3 18. Kb1 bxc2+ 19. Nxc2 Bb3 20. axb3 axb3 21. Na3 Ne5 22. h4 Ra5 23.
Qc3 $2 {Computer engines love this novelty.} Qa8 24. Bg2 Nc7 $3 {Anand finds a
wonderful refutation. He gives two pieces for a decisive charge.} 25. Qxc7 Rc8
$1 26. Qxe7 Nc4 $1 {The only defender of the white king lies under attack.} 27.
g6 (27. Bc5 $5 Rxa3 $1 28. bxa3 Rxc5 $1 29. a4 Na3+ 30. Kb2 Rc2+ $1 31. Kxa3
Qb8 {also leads to a black win (Anand).}) 27... hxg6 28. fxg6 Nxa3+ $5 (28...
Rxa3 {triumphs as well.}) 29. bxa3 Rxa3 30. gxf7+ Kh7 31. f8=N+ $1 Rxf8 32.
Qxf8 Ra1+ 33. Kb2 Ra2+ 34. Kc3 Qa5+ 35. Kd3 Qb5+ 36. Kd4 Ra4+ 37. Kc3 Qc4+ (
37... Qc4+ 38. Kd2 Ra2+ 39. Ke1 Qe2#) 0-1

[Event "Corus"]
[Site "Wijk aan Zee 68"]
[Date "2006.01.15"]
[Round "2"]
[White "Adams, Michael"]
[Black "Topalov, Veselin"]
[Result "1-0"]
[WhiteElo "2707"]
[BlackElo "2801"]
[Annotator "JvR"]
[PlyCount "83"]
[EventDate "2006.??.??"]
[EventCountry "NED"]

1. e4 c5 2. Nf3 d6 3. d4 cxd4 4. Nxd4 Nf6 5. Nc3 a6 6. Be2 e6 7. O-O Be7 8. a4
Nc6 9. Be3 O-O 10. f4 Qc7 11. Kh1 Re8 12. Bf3 Bf8 13. Qd2 Na5 14. b3 Rb8 15.
Rad1 Nc6 $5 {Topalov takes a prophylactic measure.} 16. Bf2 Nd7 17. Bg3 Nxd4
18. Qxd4 b5 $5 19. axb5 axb5 20. b4 $1 {Adams prevents counter-play.} g6 $2 ({
Appropriate is} 20... Qc4) 21. e5 d5 $5 22. f5 $3 {The bastion is opened.} gxf5
(22... Qc4 23. fxe6 fxe6 24. Nxd5 $1 {gives a white win.}) 23. Nxd5 $1 Qc4 ({
The pointe is} 23... exd5 $2 24. e6 $1) 24. Qd2 $5 h6 (24... exd5 25. Qg5+ $1
Bg7 26. Bxd5 Qxc2 27. Bxf7+ $1 Kxf7 28. Qh5+ Kg8 29. Rc1 Qe4 30. Qxe8+ {
crushes the oposition (Ftacnik).}) 25. h3 $5 exd5 26. Bxd5 Qxb4 27. c3 Qc5 $5
28. Rxf5 Re6 29. Rxf7 $1 Nb6 ({Or} 29... Kxf7 30. Qf4+) 30. Rdf1 Nxd5 31. Rxf8+
Qxf8 32. Rxf8+ Kxf8 33. Qxd5 Ke8 34. Bh4 Bd7 35. Bf6 b4 36. Qe4 Bc8 37. cxb4
Rb7 38. Qg6+ Kd7 39. Qxh6 Kc7 40. Qf4 Kb8 41. h4 Rc7 42. h5 {Mickey chose
humiliating moves.} 1-0

[Event "Corus"]
[Site "Wijk aan Zee 68"]
[Date "2006.01.16"]
[Round "3"]
[White "Ivanchuk, Vassily"]
[Black "Anand, Viswanathan"]
[Result "0-1"]
[WhiteElo "2729"]
[BlackElo "2792"]
[Annotator "JvR"]
[PlyCount "56"]
[EventDate "2006.??.??"]
[EventCountry "NED"]

1. Nf3 Nf6 2. c4 c5 3. Nc3 Nc6 4. e3 e5 5. Be2 d5 6. d4 exd4 7. exd4 Be6 8. Be3
dxc4 9. Qa4 cxd4 10. Nxd4 Bd7 11. Qxc4 Rc8 $5 12. O-O Bd6 13. Nxc6 Rxc6 14. Qh4
O-O 15. Bxa7 $5 b6 16. Rad1 Bc5 17. b4 Be7 18. Qd4 Rd6 19. Qc4 Be6 20. Qa6 Nd5
21. Nxd5 Bxd5 22. Rfe1 $4 {Ivanchuk misses the road to equality.} ({Right is} 
22. Bxb6 $1 Rxb6 23. Rxd5 Rxa6 24. Rxd8 Rxa2 25. Rxf8+ Kxf8 {(Anand).}) 22...
Rg6 $1 23. g3 ({The pointe is} 23. Bf3 Bxf3 $1 24. Rxd8 Rxg2+ 25. Kf1 Rxh2 {
(Anand).}) 23... Bxb4 24. Bc4 Bxe1 25. Bxd5 Qe7 26. a4 ({Or} 26. Bxb6 Bxf2+ 27.
Kxf2 Qb4) 26... Rf6 27. f4 Qe3+ 28. Kh1 Bxg3 $1 0-1

[Event "Corus"]
[Site "Wijk aan Zee 68"]
[Date "2006.01.17"]
[Round "4"]
[White "Bacrot, Etienne"]
[Black "Gelfand, Boris"]
[Result "0-1"]
[WhiteElo "2717"]
[BlackElo "2723"]
[Annotator "JvR"]
[PlyCount "122"]
[EventDate "2006.??.??"]
[EventCountry "NED"]

1. d4 d5 2. c4 c6 3. Nc3 Nf6 4. Nf3 dxc4 5. a4 Bf5 6. Ne5 Nbd7 7. Nxc4 Qc7 8.
g3 e5 9. dxe5 Nxe5 10. Bf4 Nfd7 11. Bg2 f6 12. O-O Nc5 13. Ne3 Bg6 14. b4 Ne6
15. b5 Rd8 16. Qb3 Nd4 17. Qb2 Bc5 18. Rfc1 Qe7 19. bxc6 $5 bxc6 20. Ne4 Bb4
21. Nc4 Nxc4 22. Rxc4 c5 23. e3 Ne6 24. Nc3 Nxf4 25. Bc6+ $5 ({More direct is} 
25. Rxf4 Qe5 26. Rxb4 cxb4 27. Qxb4) 25... Kf8 26. Rxf4 Qe5 27. Rc1 $2 {White
should sacrifice the exchange for a sufficient counter-play.} ({Right is} 27.
Rxb4 $1 cxb4 28. Qxb4+ Qd6 29. Qb7 {(Gelfand).}) 27... a5 $1 28. Bb5 Ke7 $1 29.
Qb3 $6 Rd2 $1 30. e4 $5 {White paralyses rook f4.} Rhd8 31. Nd5+ Kf8 32. Qf3
Rd4 33. Rc4 Bd2 34. Rxc5 Bxf4 35. Nxf4 Qxe4 36. Bc6 $6 Qxf3 $6 37. Bxf3 Bf7 $2
(37... Rxa4 $1 38. Ne6+ Ke7 39. Nxd8 Kxd8 {suffices to win (Gelfand).}) 38.
Rxa5 g5 39. Ne2 Rc4 40. h3 Rd1+ 41. Kg2 Ra1 42. Ra8+ Kg7 43. a5 Rca4 44. Rd8
Rxa5 45. Nd4 f5 46. Rd7 Kf6 47. Rd6+ $2 (47. g4 f4 48. Nc6 {puts up a
formidable resistance (Gelfand).}) 47... Ke5 48. Rd8 Rc5 49. Nc6+ Ke6 50. Rh8
Kf6 51. Rxh7 g4 $1 52. hxg4 fxg4 53. Be4 Re1 54. Nd8 Bd5 55. Rh6+ Ke7 56. Bxd5
Rxd5 57. Nc6+ Kd7 58. Rg6 Rdd1 59. Nb8+ Kc8 60. Rg8+ Kb7 61. Rxg4 Kxb8 {
Gelfand played a great positional game and pleased a large audience.} 0-1

[Event "Corus"]
[Site "Wijk aan Zee 68"]
[Date "2006.01.17"]
[Round "4"]
[White "Van Wely, Loek"]
[Black "Topalov, Veselin"]
[Result "0-1"]
[WhiteElo "2647"]
[BlackElo "2801"]
[Annotator "JvR"]
[PlyCount "86"]
[EventDate "2006.??.??"]
[EventCountry "NED"]

1. d4 d5 2. c4 c6 3. Nf3 Nf6 4. Nc3 a6 5. a4 e6 6. Bg5 h6 7. Bh4 dxc4 8. e3 b5
9. axb5 cxb5 10. Bxf6 gxf6 11. Nxb5 axb5 12. Rxa8 Bb4+ 13. Ke2 $5 ({Theory is} 
13. Nd2) 13... Bb7 14. Ra1 f5 $5 15. Ne5 Rg8 16. f4 $1 Nc6 17. Nf3 $1 {White
uses the knight as a defender.} Na5 18. Kf2 Nb3 19. Ra7 Be4 20. Ra2 $2 (20. g3
$1 Qb6 (20... Na5 21. Ne5 $3 Qb6 22. Rxf7 $1 Bxh1 23. Rd7 Rg4 24. Rh7 $1) 21.
Ra2 {favours White (Van Wely).}) 20... e5 $3 {Topalov opens the centre.} 21.
fxe5 ({The pointe is} 21. Nxe5 $2 Qh4+ 22. g3 Rxg3 23. hxg3 Qxh1) 21... f4 $1
22. Be2 ({Or} 22. exf4 Bxf3 23. gxf3 Bd2 {(Hübner).}) 22... fxe3+ 23. Kxe3 Qd5
$1 24. g3 ({The tactics of} 24. Rg1 Nxd4 $1 25. Qxd4 Bc5 26. Ra8+ Ke7 27. Ra7+
{(Hübner)} Kd8 $1 28. Rd1 Bd3 29. Bxd3 Bxd4+ 30. Nxd4 cxd3 {benefit Black.})
24... Nxd4 25. Nxd4 $2 ({Better is} 25. Ra8+ $1 Qxa8 26. Qxd4 {(Van Wely)} Bc2
{and Black has a plus.}) 25... Bxh1 26. Bf3 Qxe5+ 27. Kf2 Bc5 28. Bxh1 Bxd4+
29. Kf1 Rg5 {Black has a pawn up and wins.} 30. Bf3 Kf8 31. Kg2 Qe3 32. Kh3 Kg7
33. b3 cxb3 34. Ra3 b4 35. Rxb3 Bc3 36. Qe2 Qc5 37. Qd3 Qc8+ 38. Kg2 Ra5 39.
Qc2 Qe6 40. Qb1 Ra1 41. Qc2 Bd4 42. Bd1 Qe1 43. Bf3 Qf1# 0-1

[Event "Corus"]
[Site "Wijk aan Zee 68"]
[Date "2006.01.20"]
[Round "6"]
[White "Kamsky, Gata"]
[Black "Anand, Viswanathan"]
[Result "1-0"]
[WhiteElo "2686"]
[BlackElo "2792"]
[Annotator "JvR"]
[PlyCount "93"]
[EventDate "2006.??.??"]
[EventCountry "NED"]

{Gata Kamsky participated in a super event for the first time since he started
to study. He looked normal and had left his father at home.} 1. d4 d5 2. c4
dxc4 3. e4 Nf6 4. e5 Nd5 5. Bxc4 Nb6 6. Bd3 Nc6 7. Ne2 Be6 8. Nbc3 Qd7 9. Ne4
Bd5 10. Be3 $5 O-O-O ({Kamsky prefers} 10... e6 $1) 11. a3 Qe8 12. Qc2 f5 13.
N4c3 Bxg2 $1 14. Rg1 Bf3 15. Bxf5+ e6 16. Bh3 Kb8 17. Rg3 Bxe2 18. Nxe2 Nd5 $2
(18... Qf7 19. Bg2 Nd5 20. Nc3 Nce7 {(Notkin) blockades the centre.}) 19. Nc3
Nxe3 $6 20. fxe3 Qh5 21. Qe2 Qxe2+ $5 {Anand is going to lose pawn e6, but he
bets on the bishops of a different colour.} 22. Kxe2 Re8 23. Rf1 Nd8 24. Ne4 g6
25. Ng5 Re7 26. Rgf3 Bh6 27. Nf7 Nxf7 28. Rxf7 Rhe8 29. R1f6 a5 $5 ({Preobably
} 29... Kc8 $5 30. Rxe6 $1 Kd8 $1 31. Rexe7 Rxe7 32. Rf3 {wins for White 
(Timman).}) 30. Rxe7 Rxe7 31. Rxe6 Rxe6 32. Bxe6 Bg5 ({Or} 32... Bf8 33. Bg8 $1
{(Kamsky)} h6 34. Bf7 g5 35. Be6 $1) 33. d5 Ka7 $5 {Black proceeds a desperate
action.} (33... Be7 34. Bg8 {wins as mentioned.}) 34. Bg8 h6 35. Bf7 Kb6 36.
Bxg6 Kc5 37. Bf7 h5 38. Kd3 h4 39. h3 b5 40. Ke4 b4 41. axb4+ axb4 42. b3 Bh6
43. Bh5 Bg5 44. Be2 Bh6 45. Bc4 Bg5 46. Kf5 Bxe3 47. d6 $1 {Kamsky had
defeated the number two of the world. He would score four wins, eight losses
and one draw!} 1-0

[Event "Corus"]
[Site "Wijk aan Zee 68"]
[Date "2006.01.21"]
[Round "7"]
[White "Leko, Peter"]
[Black "Kamsky, Gata"]
[Result "1-0"]
[WhiteElo "2740"]
[BlackElo "2686"]
[Annotator "JvR"]
[PlyCount "92"]
[EventDate "2006.??.??"]
[EventCountry "NED"]

1. e4 e5 2. Nf3 Nc6 3. Bb5 a6 4. Ba4 Nf6 5. O-O Be7 6. Re1 b5 7. Bb3 d6 8. c3
O-O 9. h3 Na5 10. Bc2 c5 11. d4 Qc7 12. Nbd2 Bd7 13. Nf1 Rac8 14. Ne3 cxd4 15.
cxd4 Nc6 16. d5 Nb4 17. Bb1 a5 18. a3 Na6 19. b4 axb4 20. axb4 Qb7 21. Bd2 Bd8
22. Bd3 Bb6 23. Nc2 h6 $2 {F5 becomes a strong square for the white knights.} (
{I suggest} 23... Ne8) 24. Nh4 $1 ({White improves on the known} 24. Na3) 24...
Nh7 25. Qf3 Ng5 26. Qg3 Nc7 27. Ne3 $5 Ra8 28. Nef5 Rxa1 29. Ne7+ $5 Kh8 30.
Rxa1 Nh7 31. Qf3 Nf6 {Black cannot prevent the next move.} 32. Bxh6 $1 Ra8 33.
Rf1 Nce8 34. Bc1 Ra1 35. Nhf5 Qc7 36. Bd2 Rxf1+ 37. Kxf1 g6 38. Ne3 Kg7 39. g4
$2 Nh7 $2 ({Better is} 39... Bxe3 $1 40. Qxe3 Kf8 41. Nc6 Bxc6 42. dxc6 Qxc6 {
(Lékó).}) 40. Kg2 Qb7 41. Nc4 $3 {White takes the bastion.} g5 (41... bxc4 42.
Bh6+ $1 Kxh6 43. Qxf7 {leads to a quick mate (Lékó).}) 42. Na5 Qa8 43. Nf5+ Kf8
44. h4 Bd8 45. Nh6 f6 46. hxg5 f5 1-0

[Event "Corus"]
[Site "Wijk aan Zee 68"]
[Date "2006.01.22"]
[Round "8"]
[White "Mamedyarov, Shakhriyar"]
[Black "Navara, David"]
[Result "0-1"]
[WhiteElo "2709"]
[BlackElo "2752"]
[Annotator "JvR"]
[PlyCount "116"]
[EventDate "2006.??.??"]
[EventCountry "NED"]

1. d4 Nf6 2. c4 e6 3. Nf3 b6 4. g3 Ba6 5. b3 Bb4+ 6. Bd2 Be7 7. Nc3 O-O 8. Rc1
d5 9. cxd5 exd5 10. Bh3 c5 11. O-O Nc6 12. Be3 Re8 13. dxc5 $2 ({Correct is} 
13. Re1 {(Van Wely - Karjakin, round six).}) 13... bxc5 14. Na4 d4 15. Bf4 Nb4
16. a3 Nbd5 {Aronian has taken the initiative.} 17. Bd2 $6 ({Better is} 17. Be5
$1 {Black can try the same plan as in the game, but} Ne4 18. Bf5 Nec3 19. Nxc3
Nxc3 20. Rxc3 $1 dxc3 21. Qc2 {gives counter-play for White.}) 17... Ne4 $1 18.
Re1 Bb5 19. Bf5 Nxd2 20. Qxd2 Bxa4 21. bxa4 Nc3 22. Rxc3 $2 {Now the sacrifice
shows desperation.} ({White could try} 22. Bd3 Qd6 23. e3) 22... dxc3 23. Qxc3
c4 24. Qxc4 Bxa3 25. h4 Qe7 26. Bd3 Rac8 27. Qg4 Qb4 28. Qh5 g6 29. Qh6 Qc3 30.
Qf4 Bc1 31. Qg4 Rcd8 32. Qc4 Qxc4 33. Bxc4 Bh6 34. a5 Re4 35. Bb5 Rc8 36. a6
Rb4 37. Bd3 Rc1 38. Rxc1 Bxc1 39. Ne5 Rb6 40. Kg2 Kg7 41. Bc4 Bb2 42. Nf3 Bf6
43. Bd3 Kf8 44. Nd2 Ke7 45. Ne4 Kd7 46. f4 Ke7 47. Kf3 h5 48. Nd2 Bc3 49. Nf1
Bd4 50. g4 hxg4+ 51. Kxg4 Rc6 52. Nd2 Be3 53. Nc4 Bc1 54. Ne5 Rf6 55. Bb5 Rxf4+
56. Kg3 Kd6 57. Nc6 Kc5 58. Nxa7 Kb6 0-1

[Event "Corus"]
[Site "Wijk aan Zee 68"]
[Date "2006.01.24"]
[Round "9"]
[White "Gelfand, Boris"]
[Black "Sokolov, Ivan"]
[Result "1-0"]
[WhiteElo "2723"]
[BlackElo "2689"]
[Annotator "JvR"]
[PlyCount "61"]
[EventDate "2006.??.??"]
[EventCountry "NED"]

1. d4 d5 2. c4 c6 3. Nc3 Nf6 4. Nf3 e6 5. e3 a6 6. b3 Bb4 7. Bd2 Nbd7 8. Bd3
O-O 9. O-O Bd6 10. Qc2 h6 11. Ne2 Re8 $5 ({Known is} 11... Qe7 {(Ftacnik -
Erenburg, Germany 2006).}) 12. Ng3 e5 13. cxd5 Nxd5 14. Rad1 exd4 15. Nxd4 Nb4
16. Bh7+ Kh8 17. Qb1 $5 Nd5 (17... Nxa2 $6 18. Be4 $1 Bxg3 19. hxg3 c5 20. Nf5
{activates white minor pieces.}) 18. Bf5 Qc7 19. Rfe1 N7f6 20. e4 $1 Ne7 21.
Bxc8 Raxc8 22. Qc1 c5 23. Nf3 Ng4 24. Ba5 Qxa5 25. Rxd6 Qxa2 $2 {Sokolov
overestimates his position.} (25... c4 $1 26. Qf4 Qc5 {(Gelfand) brings a
balance of action and counteraction.}) 26. Re2 Qxb3 27. h3 Nxf2 $5 (27... Rcd8
28. Nd2 $1 Qb4 29. Rxd8 Rxd8 30. hxg4 {costs a piece too (Gelfand).}) 28. Rxf2
Kg8 29. Nh5 Rc6 30. Rd7 Ng6 $2 31. Qa1 $1 1-0

[Event "Corus"]
[Site "Wijk aan Zee 68"]
[Date "2006.01.24"]
[Round "9"]
[White "Karjakin, Sergey"]
[Black "Topalov, Veselin"]
[Result "0-1"]
[WhiteElo "2660"]
[BlackElo "2801"]
[Annotator "JvR"]
[PlyCount "100"]
[EventDate "2006.??.??"]
[EventCountry "NED"]

1. e4 c5 2. Nf3 Nc6 3. d4 cxd4 4. Nxd4 Nf6 5. Nc3 e5 6. Ndb5 d6 7. Bg5 a6 8.
Na3 b5 9. Nd5 Be7 10. Bxf6 Bxf6 11. c3 Bg5 12. Nc2 O-O 13. a4 bxa4 14. Rxa4 a5
15. Bc4 Rb8 16. Ra2 Kh8 17. Nce3 Bxe3 18. Nxe3 Ne7 19. b3 $5 f5 20. exf5 Nxf5
21. Nd5 Bb7 22. O-O Rc8 23. Qd3 {White has a plus in the Sveshnikov.} Nh4 $5
24. Rd1 h6 25. Qg3 Nf5 26. Qg4 Rc5 27. Rad2 Bc8 28. Qe4 Bb7 29. h3 Nh4 30. Bd3
Rf5 31. Bb1 $6 (31. Ra2 {keeps an edge.}) 31... Rxc3 $1 32. Qg4 h5 $1 {Topalov
starts an attack.} 33. Qe2 $2 ({The major line is} 33. Qa4 $1 Bc6 {(Karjakin)}
34. Nxc3 $1 Bxa4 35. Rxd6 Qg5 36. Rd8+ Kh7 37. Bxf5+ Nxf5 38. Nxa4 {and White
seems to survive.}) 33... Qg5 34. f4 Rxf4 35. Kh1 Nxg2 $1 36. Qxg2 Rg3 37. Nxf4
Bxg2+ 38. Nxg2 Rxh3+ 39. Kg1 Rg3 40. Rf2 Kg8 41. Rxd6 h4 42. Rc6 Qg4 $1 43. Bf5
Rxg2+ $1 44. Rxg2 Qxf5 45. Rcg6 Qf7 46. R6g4 Qf6 47. Kh2 Kf7 48. Kh3 e4 49. Rg5
e3 50. Kxh4 g6 (50... g6 51. Kg4 Qf2 52. Rxf2+ exf2 {wins lovely.}) 0-1